| 000 | 00976cai a22002295a 4500 | ||
|---|---|---|---|
| 001 | L158870 | ||
| 008 | 081211s2015 xxk f 000 0 eng d | ||
| 035 | _a(Sirsi) u158870 | ||
| 041 | 0 | _aeng | |
| 100 | 1 | _aBuilding Services Research and Information Association | |
| 245 | 0 | 0 |
_aSoft Landings framework _h[electronic resource] |
| 260 |
_aBuilding Services Research and Information Association _c2015 |
||
| 520 | _aProvides free guidance and information on the BSRIA-led process designed to assist the construction industry and its clients deliver better buildings. Helps to solve the performance gap between design intentions and operational outcomes. | ||
| 590 | _aKA | ||
| 650 | 2 | 4 | _aSOFT LANDINGS |
| 650 | 2 | 4 | _aPOST OCCUPANCY EVALUATION |
| 650 | 2 | 4 | _aASSET MANAGEMENT |
| 651 | 4 |
_aUnited Kingdom _y |
|
| 690 |
_aConstruction management _96230 |
||
| 856 | 4 | 8 |
_uhttps://www.bsria.co.uk/services/design/soft-landings/ _zView the website at www.bsria.co.uk |
| 942 | _n0 | ||
| 999 |
_c115558 _d115558 |
||